00749nam a22002057a 450000500170000001000150001702000270003203500130005903700130007208200110008510000200009624500800011626000390019627000640023530000250029950000510032494200250037599900170040095201260041720160120153205.0 aENG-114544 a9788178441931c1495.00 aEN-98076 bDBAD/PUB a302.23 aDibyanshu Kumar aTechnological innovations in media and communications /cby Dibyanshu Kumar aNew DelhibK.K.Publications c2014 a4806/24, Bharat Ram Road , Darya Ganj, bNew Delhie110002 aviii,288p.c24cm(Hb) aIncludes bibliographical references and index  2ddccENh302.23mDIB c98394d98394 001040718NFICaDBADbDBADd2015-12-02eDBAD/PUBg1495.00l0o302.23 DIBpEN-98076r2015-12-02 00:00:00t1v1495.00yEN